Liveability: slow cities and smart growth (Record no. 74008)
[ view plain ]
| 000 -LEADER | |
|---|---|
| fixed length control field | 01224cab a2200241 4500 |
| 001 - CONTROL NUMBER | |
| control field | ABS67382 |
| 008 - FIXED-LENGTH DATA ELEMENTS--GENERAL INFORMATION | |
| fixed length control field | 040105n2003 000 0 eng u |
| 035 ## - SYSTEM CONTROL NUMBER | |
| System control number | (Sirsi) u124704 |
| 100 ## - MAIN ENTRY--PERSONAL NAME | |
| Personal name | Jones, P. |
| 245 ## - TITLE STATEMENT | |
| Title | Liveability: slow cities and smart growth |
| 260 ## - PUBLICATION, DISTRIBUTION, ETC. | |
| Date of publication, distribution, etc. | 2003 |
| 490 ## - SERIES STATEMENT | |
| Series statement | Town & Country Planning |
| Volume/sequential designation | 72(11) December 2003, 355-358(4) |
| 520 ## - SUMMARY, ETC. | |
| Summary, etc. | Examines the concepts of slow cities and smart growth and assesses how applicable they are to development and regeneration in the United Kingdom. Suggests that Ludlow, a market town with a population of approximately 10 000 is the first urban area in the UK to embrace some elements of slow city thinking. Examples of smart growth can be found in the Thames Gateway expansion proposals and in"A new vision for York", a recent report commissioned by the Joseph Rowntree Foundation available at www.jrf.org.uk. |
| 590 ## - LOCAL NOTE (RLIN) | |
| Local note | ABS |
| 650 ## - SUBJECT ADDED ENTRY--TOPICAL TERM | |
| Topical term or geographic name entry element | URBAN QUALITY |
| 650 ## - SUBJECT ADDED ENTRY--TOPICAL TERM | |
| Topical term or geographic name entry element | SLOW CITIES |
| 650 ## - SUBJECT ADDED ENTRY--TOPICAL TERM | |
| Topical term or geographic name entry element | SMART GROWTH |
| 690 ## - LOCAL SUBJECT ADDED ENTRY--TOPICAL TERM (OCLC, RLIN) | |
| Topical term or geographic name as entry element | REGENERATION |
| 700 ## - ADDED ENTRY--PERSONAL NAME | |
| Personal name | Hillier, D. |
| 700 ## - ADDED ENTRY--PERSONAL NAME | |
| Personal name | Comfort, D. |
| 856 ## - ELECTRONIC LOCATION AND ACCESS | |
| Uniform Resource Identifier | <a href="https://www.jrf.org.uk/knowledge/findings/summary/353.asp">https://www.jrf.org.uk/knowledge/findings/summary/353.asp</a> |
| Public note | View "A new vision for York" on the Joseph Rowntree Foundation website... |
| 942 ## - ADDED ENTRY ELEMENTS (KOHA) | |
| Suppress in OPAC | 0 |
| Withdrawn status | Lost status | Source of classification or shelving scheme | Damaged status | Not for loan | Home library | Current library | Shelving location | Date acquired | Total Checkouts | Full call number | Barcode | Date last seen | Copy number | Price effective from | Koha item type |
|---|---|---|---|---|---|---|---|---|---|---|---|---|---|---|---|
| Dewey Decimal Classification | London | London | Journal article | 05/01/2004 | ABS67382 | 124704-1001 | 06/08/2019 | 1 | 06/08/2019 | Journal article |